000
00357nam a2200145Ia 4500
008
191206s9999 xx 000 0 und d
020
_a
0749303115 (pbk.)
090
_a
DT433225P74
245
0
_a
Touching The Moon
260
_a
Mandarin
260
_b
A Mandarin paperback
260
_c
cc1990
300
_a
199 p. : map ; 20 cm.
999
_c
17205
_d
17205